| 000 | 00475nam a2200157 4500 | ||
|---|---|---|---|
| 001 | 138812 | ||
| 003 | ES-MaACL | ||
| 005 | 20230906195636.0 | ||
| 007 | t| | ||
| 008 | 070214s1966 sp r ||||1| spa d | ||
| 100 | 1 |
_aSanz y Ruiz de la Peña, Nicomedes. _9103697 |
|
| 245 | 1 | 0 |
_aRymas sacras _b: 1955-1960 / _cNicomedes Sanz y Ruiz de la Peña. |
| 260 |
_aValladolid : _b[s.n.], _c1966 ( _fImp. Ceres) |
||
| 300 |
_a308 p. ; _c22 cm. |
||
| 852 |
_aES-MaACL _jC-29203 _bR.59549 |
||
| 999 |
_c138812 _d138812 |
||